| 000 | 00691nam a2200289Ia 4500 | ||
|---|---|---|---|
| 005 | 20260324142851.0 | ||
| 008 | 008 260324s9999 xx 000 0 eng d | ||
| 020 | _a9780429473333 | ||
| 037 | _aEBOOK | ||
| 040 | _aCRL | ||
| 040 | _beng | ||
| 040 | _cCRL | ||
| 041 | _2eng | ||
| 041 | _aeng | ||
| 084 | _qCRL | ||
| 100 |
_aGrigoris Vaslamatzis; Athina Alexandris _91213522 |
||
| 245 | 0 | _aCountertransference | |
| 245 | 0 | _bTheory, Technique, Teaching | |
| 260 | _bTaylor and Francis | ||
| 260 | _c1993 | ||
| 365 | _a | ||
| 365 | _b220 | ||
| 856 | _uhttp://www.taylorfrancis.com/books/9780429473333 | ||
| 942 | _cEBOOK | ||
| 999 |
_c1818240 _d1818240 |
||